000
00303nam a2200121Ia 4500
005
20251222143116.0
008
251222s9999||||xx |||||||||||||| ||spa||
082
_a
914/D87
100
_a
Dollfus, Oliver
245
0
_a
El Reto del Espacio Andino
264
_b
Instituto de Estudios Peruanos
942
_c
LIB
999
_c
11350
_d
11350